000 00635cam a2200217 4500
001 B2310
008 090401t xxu||||| |||| 00| 0 eng d
035 _a(Sirsi) u49233
041 _aeng
050 _a690.231
110 _aBritish Standards Institution
_9130
245 2 _aA designer`s manual for the energy efficient refurbishment of housing
260 _aMilton Keynes
_bBritish Standards Institution
_c1989?
300 _a44p. : ill. ; 30cm.
350 _a75
650 _aBUILT ENVIRONMENT-CONSTRUCTION DESIGN
650 _aENERGY CONSERVATION
700 _aEDC Partnership.,
_xEditor
942 _n0
948 _c04/03/1997
999 _c92534
_d92534